000
00199nam a22000857a 4500
999
_c
23738
_d
23738
005
20250212123214.0
008
250212b ||||| |||| 00| 0 eng d
040
_c
sk
245
_a
Hovoria o nich pramene III